The SAGE handbook of mentoring and coaching in education / (Record no. 481158)

MARC details
000 -LEADER
fixed length control field 01719cam a2200409 i 4500
001 - CONTROL NUMBER
control field EDZ0000052725
003 - CONTROL NUMBER IDENTIFIER
control field StDuBDS
005 - DATE AND TIME OF LATEST TRANSACTION
control field 20161031105201.0
006 - FIXED-LENGTH DATA ELEMENTS--ADDITIONAL MATERIAL CHARACTERISTICS--GENERAL INFORMATION
fixed length control field m||||||||d||||||||
007 - PHYSICAL DESCRIPTION FIXED FIELD--GENERAL INFORMATION
fixed length control field cr |||||||||||
008 - FIXED-LENGTH DATA ELEMENTS--GENERAL INFORMATION
fixed length control field 111128s2012 cau fo| 001|0|eng|d
020 ## - INTERNATIONAL STANDARD BOOK NUMBER
International Standard Book Number 9781446247549 (ebook) :
Terms of availability No price
040 ## - CATALOGING SOURCE
Original cataloging agency StDuBDS
Language of cataloging eng
Transcribing agency StDuBDS
Description conventions rda
-- pn
049 ## - LOCAL HOLDINGS (OCLC)
Holding library Alfaisal Main Library
050 #4 - LIBRARY OF CONGRESS CALL NUMBER
Classification number LB1731.4
082 04 - DEWEY DECIMAL CLASSIFICATION NUMBER
Classification number 371.102
Edition number 23
245 04 - TITLE STATEMENT
Title The SAGE handbook of mentoring and coaching in education /
Statement of responsibility, etc edited by Sarah J. Fletcher and Carol A. Mullen.
246 30 - VARYING FORM OF TITLE
Title proper/short title Mentoring and coaching in education
264 #1 - PRODUCTION, PUBLICATION, DISTRIBUTION, MANUFACTURE STATEMENTS
Place of production, publication, distribution, manufacture Los Angeles :
Name of producer, publisher, distributor, manufacturer SAGE Publications,
Date of production, publication, distribution, manufacture 2012.
300 ## - PHYSICAL DESCRIPTION
Extent 1 online resource (xxiv, 542 pages)
336 ## - CONTENT TYPE
Content Type Term text
Source rdacontent
337 ## - MEDIA TYPE
Media Type Term computer
Source rdamedia
338 ## - CARRIER TYPE
Carrier Type Term online resource
Source rdacarrier
504 ## - BIBLIOGRAPHY, ETC. NOTE
Bibliography, etc Includes bibliographical references and index.
520 8# - SUMMARY, ETC.
Summary, etc Covering national and international research on schools, higher education, and disciplines within and beyong education, this handbook maps current knowledge and understanding, values and skills underpinning educational mentoring and coaching for learning.
521 ## - TARGET AUDIENCE NOTE
Target audience note Specialized.
588 ## -
-- Description based on print version record.
650 #0 - SUBJECT ADDED ENTRY--TOPICAL TERM
Topical term or geographic name as entry element Mentoring in education
Form subdivision Handbooks, manuals, etc.
650 #0 - SUBJECT ADDED ENTRY--TOPICAL TERM
Topical term or geographic name as entry element Teachers
General subdivision Training of
Form subdivision Handbooks, manuals, etc.
655 #7 - INDEX TERM--GENRE/FORM
Genre/form data or focus term Electronic books.
Source of term local
700 1# - ADDED ENTRY--PERSONAL NAME
Personal name Fletcher, Sarah J.,
Relator term editor.
700 1# - ADDED ENTRY--PERSONAL NAME
Personal name Mullen, Carol A.,
Relator term editor.
710 2# - ADDED ENTRY--CORPORATE NAME
Corporate name or jurisdiction name as entry element Sage eBooks
776 08 - ADDITIONAL PHYSICAL FORM ENTRY
Display text Print version :
International Standard Book Number 9780857027535
856 40 - ELECTRONIC LOCATION AND ACCESS
Uniform Resource Identifier <a href="http://ezproxy.alfaisal.edu/login?url=http://sk.sagepub.com/reference/hdbk_mentorcoachedu">http://ezproxy.alfaisal.edu/login?url=http://sk.sagepub.com/reference/hdbk_mentorcoachedu</a>
942 ## - ADDED ENTRY ELEMENTS (KOHA)
Source of classification or shelving scheme Library of Congress Classification
Koha item type eBooks

No items available.

Copyright © 2020 Alfaisal University Library. All Rights Reserved.
Tel: +966 11 2158948 Fax: +966 11 2157910 Email:
librarian@alfaisal.edu